01054nam a2200289 a 4500001001500000003000900015005001700024008004100041040002800082041000800110050002300118245009400141246002100235260004400256300001700300500002600317526000800343590003500351650004100386650002800427700004000455700003000495710002800525942001200553952018200565999001700747BD-DhNSU-30979BD-DhNSU20260429152055.0260429s1993 bg ||||g vw|| 001 0|eng d aDLCcBD-DhNSUdBD-DhNSU aeng00aKNG19b.A2B36 199300aBangladesh legal decisions ,nVol. 13 /cedited by A.T.M. Kamrul Islam & Gour Gopal Saha. aBLDbVolume XIII aDhaka :bBangladesh Bar Council,c1993. avp ;c25 cm. aDec- 93 Reg. No.. 513 aLaw aSumaiya Kainat Bintey Kohinoor 0aLaw reports digests etczBangladesh. 4aLaw reports digests etc1 aIslam, A.T.M. Kamrul echeif editor1 aSaha, Gour Gopal eeditor aBangladesh Bar Council. 2lcccBK 00102lcc40718REFaLCRbLCRcGENd2026-04-08eKarim InternationalfBDTg1116.00hvol-13iKI/NSU/L-77/25-26l0oKNG19.A2B36 1993p49264r2026-04-29 15:21:44t1w2026-03-09yBK c30979d30979